LEADER 02371nam 2200565 a 450 001 9910464421103321 005 20200520144314.0 010 $a1-282-97592-7 010 $a9786612975929 010 $a0-309-15401-4 035 $a(CKB)3390000000005572 035 $a(EBL)3378734 035 $a(SSID)ssj0000469755 035 $a(PQKBManifestationID)11302117 035 $a(PQKBTitleCode)TC0000469755 035 $a(PQKBWorkID)10532146 035 $a(PQKB)10704700 035 $a(MiAaPQ)EBC3378734 035 $a(Au-PeEL)EBL3378734 035 $a(CaPaEBR)ebr10443276 035 $a(CaONFJC)MIL297592 035 $a(OCoLC)923283028 035 $a(EXLCZ)993390000000005572 100 $a20101101d2011 uy 0 101 0 $aeng 135 $aurcn||||||||| 181 $ctxt 182 $cc 183 $acr 200 00$aGuide for the care and use of laboratory animals$b[electronic resource] /$fCommittee for the Update of the Guide for the Care and Use of Laboratory Animals, Institute for Laboratory Animal Research, Division on Earth and Life Studies 205 $a8th ed. 210 $aWashington, D.C. $cNational Academy Press$d2011 215 $a1 online resource (247 p.) 300 $aDescription based upon print version of record. 311 $a0-309-15400-6 320 $aIncludes bibliographical references and index. 327 $a""Front Matter""; ""Reviewers""; ""Preface""; ""Overview""; ""Contents""; ""1 Key Concepts""; ""2 Animal Care and Use Program""; ""3 Environment, Housing, and Management""; ""4 Veterinary Care""; ""5 Physical Plant""; ""Addendum: Guide for the Care and Use of Laboratory Animals Eighth Edition""; ""Appendices""; ""Appendix A: Additional Selected References""; ""Appendix B: U.S. Government Principles for the Utilization and Care of Vertebrate Animals Used in Testing, Research, and Training""; ""Appendix C: Statement of Task""; ""Appendix D: About the Authors""; ""Index"" 606 $aLaboratory animals 606 $aAnimal experimentation 608 $aElectronic books. 615 0$aLaboratory animals. 615 0$aAnimal experimentation. 676 $a636.0885 801 0$bMiAaPQ 801 1$bMiAaPQ 801 2$bMiAaPQ 906 $aBOOK 912 $a9910464421103321 996 $aGuide for the Care and Use of Laboratory Animals$92020117 997 $aUNINA LEADER 02606nam 2200625 a 450 001 9910790347103321 005 20230801223326.0 010 $a1-118-48483-5 010 $a1-118-34335-2 010 $a1-280-68506-9 010 $a9786613662002 010 $a1-118-34345-X 035 $a(CKB)2670000000206189 035 $a(EBL)931630 035 $a(OCoLC)794664706 035 $a(SSID)ssj0000662621 035 $a(PQKBManifestationID)12264956 035 $a(PQKBTitleCode)TC0000662621 035 $a(PQKBWorkID)10723060 035 $a(PQKB)11020606 035 $a(MiAaPQ)EBC931630 035 $a(Au-PeEL)EBL931630 035 $a(CaPaEBR)ebr10580280 035 $a(CaONFJC)MIL366200 035 $a(EXLCZ)992670000000206189 100 $a20120222d2012 uy 0 101 0 $aeng 135 $aur|n|---||||| 181 $ctxt 182 $cc 183 $acr 200 00$aHarm reduction in substance use and high-risk behaviour$b[electronic resource] $einternational policy and practice /$fedited by Richard Pates, Diane Riley 210 $aChichester [England] $cWiley-Blackwell$d2012 215 $a1 online resource (490 p.) 225 1 $aAddiction Press 300 $aDescription based upon print version of record. 311 $a1-4051-8297-0 320 $aIncludes bibliographical references and index. 327 $asection 1. Background -- section 2. Policy -- section 3. Specific interventions -- section 4. Regions -- section 5. Conclusions. 330 $aHarm Reduction is a philosophy of public health intended as a progressive alternative to the prohibition of certain potentially dangerous lifestyle choices. Recognising that certain people always have and always will engage in behaviours which carry risks, the aim of harm reduction is to mitigate the potential dangers and health risks associated with those behaviours. Harm Reduction in Substance Use and High-Risk Behaviour offers a comprehensive exploration of the policy, practice and evidence base of harm reduction. Starting with a history of harm reduction, the book addresses key ethic 410 0$aAddiction Press 606 $aSubstance abuse 606 $aHarm reduction 615 0$aSubstance abuse. 615 0$aHarm reduction. 676 $a362.19686 701 $aPates$b Richard$0902220 701 $aRiley$b Diane M$g(Diane Mary),$f1953-$01479440 801 0$bMiAaPQ 801 1$bMiAaPQ 801 2$bMiAaPQ 906 $aBOOK 912 $a9910790347103321 996 $aHarm reduction in substance use and high-risk behaviour$93695550 997 $aUNINA